100 years the amazing development of Japan since 1860

Gardado en:
Detalles Bibliográficos
Autor Principal: Eunson, Roby
Formato: Libro
Idioma:Undetermined
Publicado: 1965
Các nhãn: Engadir etiqueta
Sen Etiquetas, Sexa o primeiro en etiquetar este rexistro!
Thư viện lưu trữ: Trung tâm Học liệu Trường Đại học Cần Thơ
LEADER 00422nam a2200157Ia 4500
001 CTU_113531
008 210402s9999 xx 000 0 und d
020 |c 849000 
082 |a 952 
082 |b E88 
100 |a Eunson, Roby 
245 0 |a 100 years the amazing development of Japan since 1860 
245 0 |c Roby Eunson 
260 |c 1965 
904 |i Tuyến 
980 |a Trung tâm Học liệu Trường Đại học Cần Thơ